LEADER 01546cam0-22005291i-450- 001 990003790110403321 005 20120904141900.0 010 $a88-7011-144-X 035 $a000379011 035 $aFED01000379011 035 $a(Aleph)000379011FED01 035 $a000379011 100 $a20030910d1982----km-y0itay50------ba 101 1 $aita$ceng 102 $aIT 105 $ay-------001yy 200 1 $a<>lavoro delle donne$ela divisione sessuale del lavoro nello sviluppo economico$fEster Boserup$gintroduzione di Cristina Savio$gtraduzione dall'inglese di Mario Trucchi 210 $aTorino$cRosenberg & Sellier$d1982 215 $a236 p.$d21 cm 225 1 $aDa leggere$v29 454 0$12001$aWoman's role in economic development$927858 610 0 $aDonne lavoratrici$aAspetti economici 676 $a331.4 676 $a305.43 676 $a15440 676 $a18240 676 $a305.4 700 1$aBoserup,$bEster$0120280 702 1$aSavio,$bCristina 801 0$aIT$bUNINA$gRICA$2UNIMARC 901 $aBK 912 $a990003790110403321 952 $aISVE J2-J6.2$fDECTS 952 $a331.4 BOS 1$b3061$fBFS 952 $aCOLLEZ. 1308 (29)$b15868$fFSPBC 952 $aXV 5 105$fDTE 952 $a18240 BOS$b1486$fSES 952 $aCOLLEZ. 832 (29)$b21190$fFSPBC 952 $aXXVIII 948$b59$fDDCIC 959 $aDECTS 959 $aBFS 959 $aFSPBC 959 $aDTE 959 $aSES 959 $aDDCIC 996 $aWoman's role in economic development$927858 997 $aUNINA LEADER 02919nam 2200853z- 450 001 9910674394203321 005 20221206 010 $a3-0365-5834-9 035 $a(CKB)5470000001631721 035 $a(oapen)https://directory.doabooks.org/handle/20.500.12854/94574 035 $a(oapen)doab94574 035 $a(EXLCZ)995470000001631721 100 $a20202212d2022 |y 0 101 0 $aeng 135 $aurmn|---annan 181 $ctxt$2rdacontent 182 $cc$2rdamedia 183 $acr$2rdacarrier 200 00$aRecent Advances in Coatings of Implant and Dental Biomaterials 210 $aBasel$cMDPI - Multidisciplinary Digital Publishing Institute$d2022 215 $a1 online resource (152 p.) 311 08$a3-0365-5833-0 330 $aKnowledge, new concepts, and theoretical and experimental studies on coatings of implant and bone surfaces have been explained. Recent advancements in coating methods and materials for surface coating have both been extensively shown. Research on the use of modified implants and bone can be viewed through this paper. Improved understanding of the processes underpinning greater functionality will result from this issue. 606 $aMedicine$2bicssc 610 $aanti-bacterial agents 610 $abacterial adhesion 610 $abioactive ceramic 610 $abioactive glass 610 $abioactive materials 610 $abiomimetics 610 $ablood clotting 610 $abone formation 610 $abone graft 610 $abone morphogenetic protein 4 610 $abone substitute 610 $acalcium nodule formation 610 $acalcium phosphate 610 $acalcium silicate-based cements 610 $acalcium sulfate 610 $acell differentiation 610 $acell migration assay 610 $acell survival 610 $acellular spheroids 610 $acurcumin 610 $adental implant 610 $adental implants 610 $adiabetic osteoporosis 610 $agingiva osteogenesis 610 $aguided bone regeneration 610 $aguided tissue regeneration 610 $ahigh glucose 610 $ahydrophilicity 610 $amaxillary tuberosity 610 $amembranes 610 $ananohydroxyapatite 610 $aosteogenesis 610 $aridge augmentation 610 $asinus floor augmentation 610 $asinus lift 610 $asoft lithography 610 $asol-gel process 610 $astem cells 610 $asurface modification 610 $asurface topography 610 $atitanium 610 $atitanium mesh 610 $aultraviolet rays 615 7$aMedicine 700 $aPark$b Jun-Beom$4edt$01338460 702 $aPark$b Jun-Beom$4oth 906 $aBOOK 912 $a9910674394203321 996 $aRecent Advances in Coatings of Implant and Dental Biomaterials$93058553 997 $aUNINA